| Tag |
First Indicator |
Second Indicator |
Subfields |
| LEADER |
00000cam a2200000 4500 |
| 001 |
in00000061544 |
| 005 |
20151007082832.0 |
| 008 |
770318s1950 onc b 00000 eng |
| 010 |
|
|
|a 50004723
|
| 035 |
|
|
|a (OCoLC)02814391
|
| 035 |
|
|
|9 AAF8473AM
|
| 040 |
|
|
|a DLC
|c DMM
|d TXA
|d UtOrBLW
|
| 049 |
|
|
|a TXAM
|c [225877]
|
| 050 |
|
0 |
|a F1029
|b .G55 1950
|
| 082 |
0 |
|
|a 327.71
|
| 092 |
|
|
|a 327.71
|b G553h
|
| 100 |
1 |
|
|a Glazebrook, G. P. de T.
|q (George Parkin de Twenebroker),
|d 1899-1989.
|
| 245 |
1 |
2 |
|a A history of Canadian external relations.
|
| 264 |
|
1 |
|a Toronto,
|a New York :
|b Oxford University Press,
|c 1950.
|
| 300 |
|
|
|a vii, 449 pages ;
|c 23 cm.
|
| 336 |
|
|
|a text
|b txt
|2 rdacontent
|
| 337 |
|
|
|a unmediated
|b n
|2 rdamedia
|
| 338 |
|
|
|a volume
|b nc
|2 rdacarrier
|
| 500 |
|
|
|a "Issued under the auspices of the Canadian Institute of International Affairs."
|
| 500 |
|
|
|a "Part I is a re-printing of the author's Canadian external relations; an historical study to 1914."--Dust jacket.
|
| 504 |
|
|
|a Bibliographical footnotes.
|
| 651 |
|
0 |
|a Canada
|x Foreign relations.
|
| 651 |
|
0 |
|a Canada
|x History.
|
| 999 |
|
|
|a MARS
|
| 999 |
f |
f |
|s b1af3cd6-71c6-35a8-b08d-397c7003a811
|i f400faf9-2e69-3ba7-96b8-a441bf468164
|t 0
|
| 952 |
f |
f |
|p normal
|a Texas A&M University
|b College Station
|c Sterling C. Evans Library
|d Evans: Library Stacks
|t 0
|e F1029 .G55 1950
|h Library of Congress classification
|i unmediated -- volume
|m A14800676816
|
| 998 |
f |
f |
|a F1029 .G55 1950
|t 0
|l Evans: Library Stacks
|